Organisational behaviour (Record no. 517750)

MARC details
000 -LEADER
fixed length control field 00731nam a2200241Ia 4500
003 - CONTROL NUMBER IDENTIFIER
control field OSt
005 - DATE AND TIME OF LATEST TRANSACTION
control field 20220925191234.0
008 - FIXED-LENGTH DATA ELEMENTS--GENERAL INFORMATION
fixed length control field 220923b |||||||| |||| 00| 0 eng d
037 ## - SOURCE OF ACQUISITION
Terms of availability General Book
040 ## - CATALOGING SOURCE
Original cataloging agency RTL
Transcribing agency RTL
Language of cataloging eng
041 ## - LANGUAGE CODE
Source of code eng
Language code of text/sound track or separate title eng
100 ## - MAIN ENTRY--PERSONAL NAME
Personal name Singh P
9 (RLIN) 90147
245 #0 - TITLE STATEMENT
Title Organisational behaviour
Remainder of title Human growth thorou sel
260 ## - PUBLICATION, DISTRIBUTION, ETC.
Place of publication, distribution, etc. Bombay
Name of publisher, distributor, etc. Himalaya India
Date of publication, distribution, etc. 1982
300 ## - PHYSICAL DESCRIPTION
Extent x, 236p. Bibliography p 229-34
Dimensions cm.
650 ## - SUBJECT ADDED ENTRY--TOPICAL TERM
Topical term or geographic name entry element Management -Behavior
9 (RLIN) 234468
700 ## - ADDED ENTRY--PERSONAL NAME
Personal name Warrifer S K
9 (RLIN) 241325
942 ## - ADDED ENTRY ELEMENTS (KOHA)
Classification part X:8:(S:44).2.N8, M2
Koha item type General Books
Source of classification or shelving scheme Colon Classification (CC)

No items available.

Copyright @ Delhi University Library System